Die Ungleichheit der Menschen. Ist intelligenz erlernbar?

Sparad:
Bibliografiska uppgifter
Huvudupphovsman: Eysenck, Hans Jurgen (Författare, medförfattare)
Materialtyp: Bok
Publicerad: München, Deutschland: Wilhelm Goldmann, 1978.
Serie:Goldmann Sachbuch,
Ämnen:
Taggar: Lägg till en tagg
Inga taggar, Lägg till första taggen!

MARC

LEADER 00000nam a22000007a 4500
003 CL-VaPUC
005 20220822114831.0
008 220808t1978 ||||| |||| 00| 0 eng d
999 |c 438082  |d 438080 
020 |a 3-442-11201-X 
040 |c Pontificia Universidad Católica de Valparaíso 
082 7 |a 155.2 EYS 1978  |2 22 
100 |a Eysenck, Hans Jurgen  |9 309052  |e author 
245 |a Die Ungleichheit der Menschen.  |b Ist intelligenz erlernbar? 
260 |a München, Deutschland:   |b Wilhelm Goldmann,   |c 1978. 
300 |a 271 páginas. 
490 |a Goldmann Sachbuch,  |n  11201. 
500 |a c.1 Donación Familia Prof. Alejandro Guzmán Brito. 
583 |c 20220808  |k Cristina María Rojas Aguilar 
650 |a Inteligencia   |9 267038 
650 |a Naturaleza y educación  |9 869463 
650 |a Personalidad   |9 307255 
942 |2 ddc  |c BK  |n 0 
952 |0 0  |1 0  |2 ddc  |4 0  |6 155_200000000000000_EYS_1978  |7 0  |8 C_AGB  |9 585960  |a BIBDER  |b BIBDER  |d 2022-08-08  |e Donación   |i 5653882  |o 155.2 EYS 1978  |p 5653882  |r 2023-01-25  |t 1  |w 2022-08-08  |y BK_US  |k AGB